Normal reference values of left ventricular strain using three-dimensional speckle tracking echocardiography results from a multicentre study /

AIMS: Three-dimensional (3D) speckle tracking echocardiography (3DSTE) has been shown to be an accurate and reliable clinical tool for the evaluation of global and regional left ventricular (LV) function through strain analysis, but the absence of normal values has precluded its widespread use in cl...

Teljes leírás

Elmentve itt :
Bibliográfiai részletek
Szerzők: Kleijn Sebastiaan A.
Pandian Natesa G.
Thomas James D.
Perez de Isla Leopoldo
Kamp Otto
Zuber Michel
Nihoyannopoulos Petros
Forster Tamás
Nesser Hans-Joachim
Geibel Annette
Gorissen Willem
Zamorano Jose L.
Dokumentumtípus: Cikk
Megjelent: Oxford University Press 2015
Sorozat:EUROPEAN HEART JOURNAL-CARDIOVASCULAR IMAGING 16 No. 4
doi:10.1093/ehjci/jeu213

mtmt:2805906
Online Access:http://publicatio.bibl.u-szeged.hu/13657
LEADER 03075nab a2200337 i 4500
001 publ13657
005 20180712145022.0
008 180712s2015 hu o 0|| zxx d
022 |a 2047-2404 
024 7 |a 10.1093/ehjci/jeu213  |2 doi 
024 7 |a 2805906  |2 mtmt 
040 |a SZTE Publicatio Repozitórium  |b hun 
041 |a zxx 
100 1 |a Kleijn Sebastiaan A. 
245 1 0 |a Normal reference values of left ventricular strain using three-dimensional speckle tracking echocardiography  |h [elektronikus dokumentum] :  |b results from a multicentre study /  |c  Kleijn Sebastiaan A. 
260 |a Oxford University Press  |c 2015 
300 |a 410-416 
490 0 |a EUROPEAN HEART JOURNAL-CARDIOVASCULAR IMAGING  |v 16 No. 4 
520 3 |a AIMS: Three-dimensional (3D) speckle tracking echocardiography (3DSTE) has been shown to be an accurate and reliable clinical tool for the evaluation of global and regional left ventricular (LV) function through strain analysis, but the absence of normal values has precluded its widespread use in clinical practice. The aim of this prospective multicentre study was to establish normal reference values of LV strain parameters using 3DSTE in a large healthy population. METHODS AND RESULTS: A total of 303 healthy subjects (156 males [51%], between 18 and 82 years of age, ejection fraction [EF] 61 +/- 3%), stratified to provide approximately equal proportions of healthy subjects of 18-30, 31-40, 41-50, 51-60, and >60 years of age, underwent 3DSTE. Data were analysed for LV volumes, EF, mass, and global and regional circumferential, longitudinal, radial, and area strain. Significant but small differences between men and women were found for longitudinal and area strains, as well as between different age groups for all LV strain parameters. However, large differences in normal values were observed between different segments, walls, and levels of the LV for radial and longitudinal strains, whereas circumferential and area strains demonstrated generally consistent normal ranges across the LV. CONCLUSIONS: Normal ranges of global and regional LV strain using 3DSTE have been established for clinical use. Differences in the magnitude of LV strain are present between men and women as well as different age groups. Moreover, there are differences between different segments, walls, and levels as part of the functional non-uniformity of the normal LV that necessitates the use of segment-specific normal ranges for radial and longitudinal strains. Circumferential and area strains demonstrate the most consistent normal ranges overall. 
700 0 1 |a Pandian Natesa G.  |e aut 
700 0 1 |a Thomas James D.  |e aut 
700 0 2 |a Perez de Isla Leopoldo  |e aut 
700 0 2 |a Kamp Otto  |e aut 
700 0 2 |a Zuber Michel  |e aut 
700 0 2 |a Nihoyannopoulos Petros  |e aut 
700 0 2 |a Forster Tamás  |e aut 
700 0 2 |a Nesser Hans-Joachim  |e aut 
700 0 2 |a Geibel Annette  |e aut 
700 0 2 |a Gorissen Willem  |e aut 
700 0 2 |a Zamorano Jose L.  |e aut 
856 4 0 |u http://publicatio.bibl.u-szeged.hu/13657/1/Kleijn_Normal_u.pdf  |z Dokumentum-elérés